000
00242nam a22000857a 4500
999
_c
11399
_d
11399
008
190416b ||||| |||| 00| 0 eng d
020
_a
0826487556
100
_9
7131
_a
MCNAMARA SARAH
245
_a
HELPING YOUNG PEOPLE TO BEAT STRESS A PRACRICAL GUIDE